000 00293nam a22001337a 4500
008 181019b xxu||||| |||| 00| 0 eng d
020 _a2900130084612
041 _aeng
080 _26ed
_a330.101
100 _a52
101 _aMIC
245 _aMicroeconomics
_cRobert.S.P
942 _2udc
_cBK
999 _c50228
_d50228